ZAWODY, W KTÓRYCH LUDZIE BARDZO SIĘ BRUDZĄ: - Statystyki

Ogólne statystyki
  • Ten quiz został rozwiązany 73 razy
  • Średni wynik to 3 z 5
Statystyki odpowiedzi
Odpowiedź % Poprawnych
MECHANIK
71%
GÓRNIK
67%
MALARZ
57%
KOMINIARZ
44%
KANALARZ
24%
Nie znaleziono quizów pasujących do podanych kryteriów
Rozkład punktacji
Procent ludzi z każdym wynikiem
Percentyl według liczby udzielonych odpowiedzi
Twoja historia wyników
Nie rozwiązałeś tego quizu